| 000 | 00705nam a2200181Ia 4500 | ||
|---|---|---|---|
| 003 | IN-BaIIA | ||
| 008 | 211028s9999 xx 000 0 eng d | ||
| 040 | _cIIA Library | ||
| 080 |
_a081:5 _bINSA-I |
||
| 110 |
_aIndian National Science Academy _910909 |
||
| 245 | 0 |
_aProfiles in scientific research contributions of the fellows _bvol. 1, (mathematical sciences, physics, chemical sciences, engineering & technology and earth sciences) _cIndian National Science Academy |
|
| 260 |
_aNew Delhi _bIndian National Science Academy _c1986 |
||
| 300 | _axii, 841p. | ||
| 650 | _aBiography-INSA fellows | ||
| 650 | _aINSA fellows biography | ||
| 650 | _aNASA Thesaurus | ||
| 942 | _cBK | ||
| 999 |
_c9543 _d9543 |
||